MDQL
is popping MORE tags! Check the
thread
!
Quizzes
Events
Quiz Creation
Community
Videos
Private Events
Remove Ads
Sign In
Join for FREE
Feedback
Dark Mode
Quiz Categories
Sports
Geography
Music
Movies
Television
Just For Fun
Miscellaneous
History
Literature
Language
Science
Gaming
Entertainment
Religion
Holiday
For Kids
Quiz Lab
Recent
Popular Today
Quiz Kudos Today
Editor Picks
Curator Picks
Quizzes by...
Day
Popularity
Type
Ratings
Length
Year
Community
Subscriptions
Recent Discussions
Orange Saloon
Badges
Playlists
Quests
Create
Leaderboards
Showdown
Live 5
Trivia Bingo
Activity
Puzzle Library
Sporcle Events
Private Events
Virtual Trivia
Globe League
Become a Host
Pub Owners
SporcleCon
Opinionation
Our Games
Videos
Blog
Mobile Apps
Partnerships
Remove Ads and Go Orange
Feedback
Geography
Country
Landmarks
City
State
Population
World
Capital
Continent
Flags
Europe
Africa
Asia
South America
North America
Oceania
Border
Canada
United Kingdom
Topography
United States
Geography
Country
Landmarks
City
State
Population
World
Capital
Continent
Flags
Europe
Africa
Asia
South America
North America
Oceania
Border
Canada
United Kingdom
Topography
United States
Random Quiz
Search Sporcle
×
Quiz Lab
Quiz Lab
Geography
Countries Code
Type in answers that appear in a list
Type in answers that appear in a list
Classic
Best Score? Go Orange.
Country/territory by ccTLD Stats
Can you name the country/territory by its ccTLD (country code top level domain)?
By
hartfan
20m
256 Questions
409 Plays
409 Plays
409 Plays
Comments
Comments
Give Quiz Kudos
Give Quiz Kudos
-
- Ratings
hide this ad
Forced Order
Answers have to be entered in order
Answers have to be entered in order
Random Order
Randomize order of answers
Randomize order of answers
Replay
Link that replays current quiz
Next Quiz
Link to next quiz in quiz playlist
You Got
0%
They Got
Avg Score
65%
Avg Friend Score
Upgrade to see
Score Distribution
Jump to the score distribution portion of the page
Score
0/256
Timer
20:00
0
Plays Today
ccTLD
Country/Territory
% Correct
es
Spain
77%
in
India
77%
ru
Russian Federation
77%
de
Germany
76.8%
it
Italy
76.3%
uk
United Kingdom
76%
dk
Denmark
75.8%
eu
European Union
75.8%
fr
France
75.8%
nz
New Zealand
75.8%
tv
Tuvalu
75.8%
us
United States
75.8%
jp
Japan
75.6%
mx
Mexico
75.3%
un
United Nations
75.3%
cz
Czech Republic
74.8%
au
Australia
74.3%
fi
Finland
74.3%
hk
Hong Kong
74.3%
om
Oman
74.3%
rw
Rwanda
74.3%
ch
Switzerland
74.1%
kz
Kazakhstan
74.1%
uz
Uzbekistan
74.1%
hu
Hungary
73.8%
ro
Romania
73.8%
ca
Canada
73.6%
fj
Fiji
73.6%
no
Norway
73.6%
ph
Philippines
73.6%
ug
Uganda
73.6%
ye
Yemen
73.6%
nl
Netherlands
73.1%
pl
Poland
73.1%
jo
Jordan
72.9%
va
Vatican City
72.9%
be
Belgium
72.6%
gb
Great Britain
72.6%
th
Thailand
72.6%
cy
Cyprus
72.4%
tw
Taiwan
72.4%
ee
Estonia
72.1%
lv
Latvia
72.1%
qa
Qatar
72.1%
co
Colombia
71.9%
za
South Africa
71.9%
ar
Argentina
71.6%
tz
Tanzania
71.6%
ve
Venezuela
71.4%
al
Albania
71.1%
gy
Guyana
71.1%
il
Israel
71.1%
so
Somalia
71.1%
ua
Ukraine
71.1%
zw
Zimbabwe
71.1%
ie
Ireland
70.9%
is
Iceland
70.9%
dj
Djibouti
70.7%
do
Dominican Republic
70.7%
id
Indonesia
70.7%
zm
Zambia
70.7%
kw
Kuwait
70.4%
lt
Lithuania
70.4%
az
Azerbaijan
70.2%
ir
Iran
70.2%
ly
Libya
70.2%
sy
Syria
70.2%
vu
Vanuatu
70.2%
iq
Iraq
69.9%
rs
Serbia
69.9%
gh
Ghana
69.7%
gr
Greece
69.7%
pe
Peru
69.7%
pk
Pakistan
69.7%
uy
Uruguay
69.7%
br
Brazil
69.4%
ec
Ecuador
69.4%
jm
Jamaica
69.4%
ke
Kenya
69.4%
cn
China
69.2%
lu
Luxembourg
69.2%
ng
Nigeria
69.2%
at
Austria
68.9%
bb
Barbados
68.9%
kr
South Korea
68.9%
li
Liechtenstein
68.9%
ccTLD
Country/Territory
% Correct
cu
Cuba
68.7%
et
Ethiopia
68.7%
pt
Portugal
68.7%
tt
Trinidad and Tobago
68.7%
bg
Bulgaria
68.5%
mz
Mozambique
68.5%
vn
Vietnam
68.2%
tg
Togo
68%
ae
United Arab Emirates
67.7%
bo
Bolivia
67.7%
ls
Lesotho
67.7%
eg
Egypt
67.5%
my
Malaysia
67.5%
pa
Panama
67.5%
py
Paraguay
67.5%
sa
Saudi Arabia
67.5%
ki
Kiribati
67.2%
md
Moldova
67.2%
mm
Myanmar
67.2%
na
Namibia
67.2%
re
Réunion
67.2%
fk
Falkland Islands
67%
hr
Croatia
67%
pg
Papua New Guinea
67%
af
Afghanistan
66.7%
by
Belarus
66.7%
sk
Slovakia
66.7%
bh
Bahrain
66.5%
bw
Botswana
66.5%
er
Eritrea
66.5%
ge
Georgia
66.5%
mw
Malawi
66.5%
ni
Nicaragua
66.5%
se
Sweden
66.5%
aq
Antarctica
66.3%
bt
Bhutan
66.3%
dm
Dominica
66.3%
kp
North Korea
66.3%
to
Tonga
66.3%
io
British Indian Ocean Territory
66%
je
Jersey
66%
kh
Cambodia
66%
np
Nepal
66%
pw
Palau
66%
sd
Sudan
66%
sz
eSwatini
66%
hn
Honduras
65.8%
sg
Singapore
65.8%
ws
Samoa
65.8%
am
Armenia
65.5%
kg
Kyrgyzstan
65.5%
ss
South Sudan
65.5%
gt
Guatemala
65.3%
ht
Haiti
65.3%
su
Soviet Union
65.3%
ad
Andorra
65%
cm
Cameroon
65%
lb
Lebanon
65%
nr
Nauru
65%
tj
Tajikistan
65%
la
Laos
64.8%
mk
North Macedonia
64.8%
tr
Türkiye
64.8%
dz
Algeria
64.5%
ne
Niger
64.3%
sm
San Marino
64.3%
vi
US Virgin Islands
64.1%
lk
Sri Lanka
63.8%
mg
Madagascar
63.8%
ao
Angola
63.6%
cx
Christmas Island
63.6%
mh
Marshall Islands
63.6%
tk
Tokelau
63.6%
cg
Republic of the Congo
63.3%
ck
Cook Islands
63.3%
gq
Equatorial Guinea
63.3%
ml
Mali
63.1%
nc
New Caledonia
63.1%
gg
Guernsey
63%
mv
Maldives
62.8%
vg
British Virgin Islands
62.8%
cv
Cabo Verde
62.6%
mq
Martinique
62.6%
vc
Saint Vincent and the Grenadines
62.6%
cc
Cocos (Keeling) Islands
62.1%
fo
Faroe Islands
62.1%
ccTLD
Country/Territory
% Correct
ac
Ascension Island
61.9%
aw
Aruba
61.9%
bz
Belize
61.9%
lc
Saint Lucia
61.9%
bd
Bangladesh
61.6%
fm
Federated States of Micronesia
61.6%
ma
Morocco
61.6%
mt
Malta
61.6%
ax
Åland Islands
61.4%
ga
Gabon
61.4%
lr
Liberia
61.4%
sc
Seychelles
61.4%
td
Chad
61.4%
bi
Burundi
61.1%
ba
Bosnia and Herzegovina
60.9%
bj
Benin
60.9%
cr
Costa Rica
60.9%
gf
French Guiana
60.9%
gw
Guinea-Bissau
60.9%
ai
Anguilla
60.6%
ps
Palestine
60.6%
tn
Tunisia
60.6%
gm
The Gambia
60.4%
me
Montenegro
60.4%
mu
Mauritius
60.4%
si
Slovenia
60.4%
wf
Wallis and Futuna
60.4%
yt
Mayotte
60.4%
bf
Burkina Faso
60.1%
ci
Cote d'Ivoire
60.1%
cl
Chile
60.1%
gu
Guam
60.1%
as
American Samoa
59.9%
gn
Guinea
59.9%
mn
Mongolia
59.9%
pf
French Polynesia
59.9%
sv
El Salvador
59.9%
cd
Democratic Republic of the Congo
59.7%
sl
Sierra Leone
59.7%
im
Isle of Man
59.2%
st
Sao Tome and Principe
59.2%
tl
Timor-Leste
59.2%
bn
Brunei Darussalam
58.9%
gp
Guadeloupe
58.9%
mc
Monaco
58.9%
nu
Niue
58.9%
mr
Mauritania
58.7%
sb
Solomon Islands
58.7%
tm
Turkmenistan
58.2%
ag
Antigua and Barbuda
57.9%
bm
Bermuda
57.9%
gl
Greenland
57.9%
sh
Saint Helena
57.9%
nf
Norfolk Island
57.7%
gi
Gibraltar
57.5%
cw
Curaçao
57.2%
sj
Svalbard and Jan Mayen
57%
bv
Bouvet Island
56.5%
pr
Puerto Rico
56.5%
um
United States Minor Outlying Islands
56.5%
sn
Senegal
56.2%
hm
Heard Island and McDonald Islands
55.7%
ky
Cayman Islands
55.7%
kn
Saint Kitts and Nevis
55.3%
bs
Bahamas
55%
cf
Central African Republic
55%
gd
Grenada
55%
eh
Western Sahara
54.5%
mo
Macau
54.5%
km
Comoros
54%
ms
Montserrat
54%
sx
Sint Maarten
53.3%
bq
Bonaire, Saint Eustatius & Saba
52.8%
tc
Turks and Caicos Islands
52.6%
sr
Suriname
51.6%
pn
Pitcairn Islands
51.3%
gs
South Georgia and the South Sandwich Islands
50.6%
mf
Saint Martin
50.4%
cp
Clipperton Island
49.6%
ta
Tristan da Cunha
48.2%
mp
Northern Mariana Islands
47.2%
tf
French Southern and Antarctic Territories
46.7%
pm
Saint Pierre and Miquelon
45.5%
bl
Saint Barthélemy
42.5%
Quiz Playlist
Details
Report
Send in Message
Add To Playlist
Classic:
Type in answers that appear in a list
Forced Order:
Answers have to be entered in order
Random Order:
Randomize order of answers
Last Updated: Jul 11, 2017
Quiz Scoreboard
CHALLENGE
Sign Up to Join the Scoreboard
Show All
Scores
Hide
Comments
May contain spoilers
Recently Published
1-10 Letter E Words III
by El_Dandy
Language
2m
Street Fighter Characters
by Artimus82
Gaming
60s
College Basketball Coaching Resumes
by pancakes188
Sports
9m
More to Explore
Quiz From the Vault
Featured Blog Post
Where Did the Easter Bunny Come From?
hide this ad
You Might Also Like...
Tags
Countries Code
domain
Domain Internet
Internet
tld
Today's Top Quizzes in Geography
Browse Geography
hide this ad
Top Contributed Quizzes in Geography
1
Countries of the World - No Outlines Minefield
2
Top 25 Cities of France on a map
3
Any capital of a 'B' country per Continent
4
Any capital of a 'C' country per Continent
5
Closest Countries to UK A-Z
6
Any capital of a 'D' country per Continent
7
5-to-1: US Geography No Hints
8
Any capital of an 'E' country per Continent
9
Find the US States - No Outlines
10
Any capital of an 'F' country per Continent
Explore More
Trending Topics
Anime
Crossword
Harry Potter
Disney
Kpop
NBA
Marvel
WWE
NFL
Pokémon
Soccer
Song
Country
Puzzle
The Office
hide this ad
More By:
hartfan
Quiz
Plays
Rating
Category
Featured
Created
Characters in Wheel of Time book series
2,833
4.80
Literature
Nov 4, 2009
Former Names of Country Capitals
630
4.38
Geography
Nov 7, 2009
Country/territory by ccTLD
409
5.00
Geography
Mar 17, 2016
Countries in Chinese
384
3.85
Geography
Oct 20, 2009
Final Scene of the Red Wedding
370
4.50
Television
Apr 11, 2018
Go to Creator's Profile
Score Distribution
Quiz Creator Spotlight
hartfan
Follow
Send a Message
Quizzes Created
-
Created Quiz Play Count
-
More By This Creator
Popular Quizzes Today
1
Find the US States - No Outlines Minefield
2
Find the Countries of Europe - No Outlines Minefield
3
Find the US States
4
The Countries of the World
5
Risky Map Clicking: Biggest States A-Z
6
US States
7
Popular People in 1961
8
Movies - When Are They Set?
More Geography Quizzes
Given a Letter: European Cities
Quiz Lab
Trending Quizzes
Risky Map Clicking: Least Populous States A-Z
1-10 Letter G Words
1-10 Letter F Words
Countries of the World: 200 Million BC
Risky Map Clicking: Next State Alphabetically
Recently Updated
Rides in Walt Disney World
pecheneg
Most Oscar Losses (Acting)
pecheneg
Beyoncé Albums
pecheneg
Leaping Animals
pecheneg
Reality TV Shows (A-Z)
bhenderson79
Rickey Henderson's Hall of Fame Teammates
pecheneg
Champions League XIs: Arsenal
pecheneg
Quick Pick: Celebrities in WWE's Hall of Fame
aduchscher
A-Z Keypad Blitz II
pecheneg
Trending Topics
Anime
Kpop
Marvel
Disney
Harry Potter
Crossword
NBA
Pokémon
The Office
Puzzle
WWE
NFL
Song
Soccer
Country
Your Account Isn't Verified!
In order to create a playlist on Sporcle, you need to verify the email address you used during registration. Go to your
Sporcle Settings
to finish the process.
Report this User
Report this user for behavior that violates our
Community Guidelines
.
Details:
Send Report
Go to the Sporcle.com Mobile Site →
Comments